• 首页
  • 本馆介绍
  • 公告通知
  • 最新文献
  • 馆藏检索
  • 电子资源
  • 读者导购
  • 参考咨询
  • 我的图书馆
  • 登录
  • 详细信息显示
  • 放入我的书架
  • 预约/预借图书
  • 作者相关作品
  • 分类相关作品
  • 丛书相关作品
  • 出版社相关作品

书目信息

  • 表格格式
  • 工作单格式
  • 卡片格式
题名:
论语说文
    
 
作者: 郑林和 著
分册:  
出版信息: 北京   商务印书馆  1983
页数: 396页
开本: 19cm
丛书名:
单 册:
中图分类: H1-49 , H1
科图分类:
主题词: 汉语--通俗读物
电子资源:
ISBN:
000 00565nam0 2200229 45
001 1537278742
005 20150128123926.06
010    @dCNY1.30
091    @aCN@b9017.1238
100    @a19950524d1983 em y0chiy0121 ea
101 0  @achi
102    @aCN@b110000
105    @ay z 000yy
200 10 @a论语说文@Alun yu shuo wen@f郑林著
210    @a北京@c商务印书馆@d1983
215    @a396页@d19cm
606    @a汉语@x通俗读物
690    @aH1-49@v3
690    @aH1@v4
701  0 @a郑林和@Azheng lin he@4著
801  0 @aCN@bTSSF@c20150128
905    @aZUCC@dH1@eJY11
    
    论语说文/郑林著.-北京:商务印书馆,1983
    396页;19cm
    
    
    ISBN :CNY1.30
    
●
相关链接 在E读中查询图书 在五车中查询图书 在当当中查询图书 在豆瓣中查询图书


正题名:论语说文     索取号:H1/JY11         预约/预借

序号 登录号 条形码 馆藏地/架位号 状态 备注
1 7842774   278427748   学院路分馆/ [索取号:H1/JY11] 在馆    
唐山师范学院图书馆 欢迎您!
大连网信软件有限公司© 版权所有